Statistiques concernant Pays finissant par la lettre A

Cliquez ici pour prendre le quiz!

Statistiques générales

  • Ce quiz a été pris 1 654 fois
    (1 625 depuis la dernière actualisation)
  • Le résultat moyen est 13 sur 20

Statistiques - réponses

ContinentPays% Correct
AmériqueCanada
88%
AfriqueAngola
80%
AmériqueCuba
73%
AmériquePanama
72%
AmériqueCosta Rica
71%
AmériqueGuatemala
68%
AmériqueNicaragua
68%
AfriqueNigeria
67%
AfriqueBotswana
65%
AmériqueVenezuela
65%
AfriqueGhana
64%
AfriqueRwanda
64%
AfriqueKenya
63%
AfriqueOuganda
62%
AmériqueGuyana
61%
AmériqueAntigua
59%
OcéanieTonga
59%
AfriqueLibéria
58%
OcéanieSamoa
57%
AsieSri Lanka
50%

Distribution des résultats

Percentile par nombre de réponses

% des personnes avec chaque résultat

Votre développement - résultats

Vous n’avez pas pris ce quiz depuis la dernière actualisation